[Event "RUS-chT 12th"]
[Site "Sochi"]
[Date "2005.04.22"]
[Round "4"]
[White "Bareev, Evgeny"]
[Black "Sorokin, Maxim"]
[Result "1/2-1/2"]
[WhiteElo "2709"]
[BlackElo "2599"]
[Annotator "Golod,V"]
[PlyCount "97"]
[EventDate "2005.04.19"]
[EventType "team-tourn"]
[EventRounds "11"]
[EventCountry "RUS"]
[SourceTitle "EXT 2020"]
[Source "ChessBase"]
[SourceDate "2019.10.17"]
[SourceVersion "1"]
[SourceVersionDate "2019.10.17"]
[SourceQuality "1"]
[WhiteTeam "Samara Termosteps"]
[BlackTeam "Samara Yunilain"]
[WhiteTeamCountry "RUS"]
[BlackTeamCountry "RUS"]

1. d4 Nf6 2. c4 e6 3. Nc3 Bb4 4. Qc2 O-O 5. a3 Bxc3+ 6. Qxc3 b6 7. Bg5 Ba6 8.
e3 d6 9. Nf3 Nbd7 10. b4 c5 11. Nd2 (11. dxc5 $142 {It's a principal decision,
it is not possible to struggle for advantage by playing other moves. For
further information, you can see my comments to Gabriel,C-Wells,P/Pulvermuehle,
2000/CBM 75(1/2-1/2)(22)}) 11... Qc7 $146 ({The games, which have reached this
position were continued as follows:} 11... Rc8 $5 12. dxc5 bxc5 13. b5 Bb7 14.
Bd3 h6 (14... Re8 $143 15. O-O h6 16. Bxf6 Qxf6 17. Qxf6 Nxf6 18. Nb3 Nd7 19.
Rfc1 d5 20. Be2 dxc4 21. Na5 Bd5 22. f3 Nb6 23. e4 Ba8 24. Nxc4 $14 {Bareev,
E-Tiviakov,S/Warsaw,2002(1-0)(52)}) 15. Bxf6 Qxf6 (15... Nxf6 16. O-O d5 17. a4
Qd6 (17... d4 $5) 18. f3 Rfd8 19. Rfd1 e5 20. Bf5 d4 21. Qd3 Rc7 22. e4 g6 23.
Bh3 Nh5 24. g3 Rf8 25. a5 $14 {Ambarcumjan,A-Yudasin,L/Los Angeles,2003(1/2-1/
2)(65)}) 16. Qxf6 Nxf6 17. f3 d5 18. Ke2 Rc7 19. Rhc1 Nd7 20. a4 Ne5 21. Ra3
Rd8 22. cxd5 exd5 23. Bf5 g6 24. Bh3 f5 $11 {Bareev,E-Fedorchuk,S/Warsaw,2002
(1-0)(48)}) 12. dxc5 bxc5 13. Be2 (13. Bd3 $5) 13... d5 {It is questionable
whether Black can fully equalize after:} (13... h6 14. Bh4 (14. Bf4 $143 cxb4
15. axb4 Bb7 16. O-O Nd5 17. Qd3 Nxf4 18. exf4 Rfd8 $11) 14... Bb7 15. O-O a5
16. b5 a4 17. Rad1 $14) ({or} 13... Bb7 14. O-O h6 15. Bh4 Rfd8 16. Bd3 $14 {
But the move in the text also didn't solve all problems.}) 14. b5 Bb7 15. O-O
a6 16. a4 dxc4 17. Bxf6 $6 {A strange decision. It's not so clear what was
wrong in such continuation:} (17. Bf4 $5 e5 18. Bg3 axb5 19. axb5 Nd5 20. Qxc4
N7b6 21. Qc2 $14 {with obvious positional advantage for White.}) 17... Nxf6 18.
Nxc4 axb5 19. axb5 Nd5 20. Qe5 {White exchanges queens hoping to make use of
his passed b-pawn.} Qxe5 (20... Qd7 $2 21. e4 Rxa1 22. Rxa1 Nf6 23. Nd6 {
+/=/+/-} Qc7 $140 $2 24. Ra7 Ne8 (24... Rb8 25. Nxf7 $1 $18 {[%csl Rb8,Rc7]
[%cal Yf7e5]}) 25. Nc4 Qxe5 26. Nxe5 {[%csl Rc5,Rf8][%cal Ge5d7,Gd7f8,Gd7c5]}
Nd6 27. Nd7 Ra8 $8 (27... Rc8 $2 28. e5) 28. Rxa8+ Bxa8 29. e5 $18) 21. Nxe5
Nb6 22. f3 $14 {With the idea to confine Black's bishop.} f6 (22... Rxa1 $143
23. Rxa1 Ra8 24. Rxa8+ Bxa8 25. e4 {with good chances for a win.}) 23. Nc6 (23.
Nc4 $143 Rxa1 24. Rxa1 Nxc4 25. Bxc4 Bd5 $11) 23... Bxc6 24. bxc6 Rxa1 25. Rxa1
Rc8 {Surprisingly white's passed pawn is weak and needs protection.} 26. Bb5
Rc7 {Preventing 27.Ra7.} 27. e4 (27. Ra6 $2 Nc8 28. Kf2 Kf7 29. Ke2 Na7 30. Ba4
Ke7 31. Kd3 Kd6 $15) 27... Kf7 28. Rc1 (28. Kf2 $143 Nc8 29. Rc1 Nd6 30. Rxc5
Nxb5 31. Rxb5 Rxc6 $11) 28... c4 29. f4 e5 $1 {A good move. Black prevents
White from playing e5 and fixing his pawns on the light squares.} 30. fxe5 (30.
Bxc4+ Nxc4 31. Rxc4 exf4 32. Kf2 Ke6 33. Kf3 Kd6 34. Kxf4 Rxc6 35. Rxc6+ Kxc6
36. g4 Kd6 37. Kf5 Ke7 $11) 30... fxe5 31. Bxc4+ Nxc4 32. Rxc4 Ke6 33. Rc3 Kd6
$11 {Frankly speaking, it's a drawish position. The only things that Black
needs, are attention and good technique.} 34. Rd3+ Ke6 35. Rh3 g6 36. Kf2 Kd6 {
According to the basic rule of endgame, Black activates his king.} (36... Rxc6
$143 37. Rxh7 Rc2+ 38. Kf3 (38. Kf1 Rc1+ 39. Kf2 Rc2+ 40. Kf1 Rc1+ $11) 38...
Rc3+ 39. Kg4 Kf6 40. Rd7 $14) 37. Kg3 Kc5 $1 {Using the bad position of
white's rook, Black himself starts to play for win.} (37... Kxc6 $143 38. Kg4
Kd6 39. Ra3 (39. Kg5 $5) 39... Rc2 40. Kf3 $11) 38. Kg4 Kd4 39. Kg5 Kxe4 40.
Rc3 Kd4 41. Rc1 e4 42. Kf4 {[%tqu "En","Find the best continuation for Black?",
"","","g6g5","Unexpected surprise.",10]} g5+ $1 {Unexpected surprise.} 43. Kxg5
({Sergei Shipov make the following comment on thw site "www.chesspro.ru" :} 43.
Kf5 $4 e3 44. Ke6 e2 45. Kd6 Rc8 46. Kd7 Rf8 47. c7 Kd3 48. Ra1 (48. c8=Q Rxc8
49. Kxc8 Kd2 50. Ra1 e1=Q 51. Rxe1 Kxe1 52. Kd7 Kf2 $19) 48... Kd2 49. Ra2+ Ke3
50. Ra1 Kf2 51. Ra2 Kf1 $19) 43... e3 44. Rd1+ (44. Kh6 $142 e2 45. Re1 Ke3 46.
g4 Kf2 47. Ra1 $11) 44... Kc3 45. Kh6 e2 46. Ra1 Kd2 {It leads immediately to
a draw. The only chance to play for win was:} (46... Rxc6+ $5 {Sergei Shipov
make the following comment in site "www.chesspro.ru" :} 47. Kxh7 Rc4 (47... Rd6
{[%cal Gd6d1]} 48. Re1 Kd2 49. Rxe2+ Kxe2 50. g4 $11) 48. h3 $1 (48. g3 $4 Rd4
49. h4 Rd1 50. Ra3+ Kd4 51. Ra4+ Kd5 52. Ra5+ Ke6 53. Ra6+ Kf5 54. Ra5+ Kg4 55.
Rg5+ Kh3 56. Re5 e1=Q 57. Rxe1 Rxe1 58. h5 Kg4 $19) 48... Rf4 (48... Kd2 49. g4
Rc1 50. Ra2+ Kd1 51. Rxe2 Kxe2 52. g5 $11) 49. g4 Rf1 50. Ra3+ Kd4 51. Ra4+ Ke3
52. Ra3+ Kf4 53. Ra4+ Kg5 (53... Kg3 54. Re4 e1=Q 55. Rxe1 Rxe1 56. g5 $11) 54.
Ra5+ Kh4 55. Rh5+ Kg3 56. Re5 e1=Q 57. Rxe1 Rxe1 58. g5 $11) 47. g4 e1=Q 48.
Rxe1 Kxe1 49. g5 $11 {[%cal Gh2h4,Gh4h5] After this move Maxim Sorokin decided
not to test Evgeny Bareev and agreed to a draw.} (49. g5 Kf2 50. h4 Kg3 51. h5
Kf4 52. g6 hxg6 53. hxg6 Rxc6 54. Kh7 Kg5 55. g7 Rh6+ 56. Kg8 $11 {[%csl Gg7]
[%cal Yg8f7,Yg8f8]}) 1/2-1/2

[Event "Metalska Trgovina CC 90"]
[Site "Ljubljana"]
[Date "2002.01.31"]
[Round "11"]
[White "Jelen, Igor"]
[Black "Farago, Ivan"]
[Result "1/2-1/2"]
[WhiteElo "2374"]
[BlackElo "2500"]
[Annotator "Golod,V"]
[PlyCount "83"]
[EventDate "2002.01.19"]
[EventType "tourn"]
[EventRounds "11"]
[EventCountry "SLO"]
[EventCategory "11"]
[SourceTitle "CBM 088"]
[Source "ChessBase"]
[SourceDate "2002.03.21"]
[SourceVersion "1"]
[SourceVersionDate "2002.03.21"]
[SourceQuality "1"]

1. d4 Nf6 2. c4 e6 3. Nc3 Bb4 4. Qc2 O-O 5. a3 Bxc3+ 6. Qxc3 Ne4 7. Qc2 f5 8.
Nh3 d6 9. f3 (9. b3 $5 {You can see comments to Knaak,R -Sjodahl,P/Germany,
2000/CBM 76(1-0)(Golod,V)(32)}) 9... Nf6 10. Bd2 (10. e3 $5 {It's main line.
See comments to games: Sergienko,S-Volzhin,A/Samara,2000/CBM 78(1/2-1/2)(Golod,
V) and Ward,C-Adams,M/Southend,2001/CBM 83(1/2-1/2)(Golod,V)(34).}) 10... e5 $5
{It is rather logical,to make this move at the first convenient opportunity.} (
10... Qe7 $143 11. O-O-O {White's plan is very simple:e3, Bd3 and attack in
the king side.} Nbd7 ({More than enough interestingly:} 11... b5 $5 12. cxb5 (
12. e4 $5) 12... a6 $132) 12. e3 {See comments to Vera,R-Roeder,M/Santa Clara,
2000/CBM 78(1-0)(Golod,V)(27)}) ({Is a possible continuations of the play:} 
10... a5 11. Bc3 Qe7 12. O-O-O e5 13. e3 e4 14. Qd2 b6 15. Nf4 Nc6 16. Kb1 a4
17. h4 $14 {Dao Thien Hai-Pellaton,B/Bastia,1998(1-0) (32)}) ({and} 10... Nc6
11. e3 e5 12. dxe5 Nxe5 13. O-O-O Bd7 14. Nf4 Qe8 15. h4 $14 {Flament,
F-Therkildsen,T/Le Touquet,2001(1-0)(27)}) 11. dxe5 dxe5 12. e3 c5 $5 {[%mdl
32]} ({Also it deserves attention:} 12... Nc6 $5 13. O-O-O Qe7 14. Bc3 $6 (14.
Nf2 $142) 14... Qc5 (14... a5 $143 15. Kb1 Qc5 16. Re1 Rd8 17. Qb3 Kh8 18. Ng5
Qe7 19. f4 $14 {Del Rey,D-Ferrer Sanchez,P/Mancha,1998(1-0)(34)}) 15. Qf2 a5
$132 {Akesson,R-Hall,J/Ronneby,1998(1/2-1/2)(31)}) ({Four years earlier,
against Igor Jelen,was checked up next move:} 12... Qe7 $5 13. Be2 a5 14. b3 (
14. O-O Nc6 15. c5 f4 $132 {Nicoara,M-Rainfray,A/France,2000(0-1)(34)}) 14...
Nc6 15. O-O f4 16. Nf2 Nh5 (16... fxe3 $142 17. Bxe3 Nd4 $11) 17. Bd3 $14 {
Jelen,I-Oms Pallise,J/Groningen,1998(1/2-1/2)(89)}) 13. Be2 $146 {White do not
want to define in what side to hide the king.} ({Were checked in the preceding
games:} 13. O-O-O Qe7 14. Bc3 (14. Bd3 $143 g6 15. Nf2 Nc6 16. Rde1 Be6 17.
Rhg1 $13 {[%cal Gg2g4] Gaprindashvili,V-Izoria,Z/Tbilisi,2000(1/2-1/2) (28)})
14... Nc6 15. Be2 a5 16. Kb1 Be6 17. Ng5 Ng4 18. fxg4 Qxg5 19. gxf5 Bxf5 20.
Bd3 h6 21. Bxf5 Rxf5 22. Qe4 $14 {Hillarp Persson,T-Zaja,I/Bozen,1998(1-0)(43)}
) 13... Nc6 14. b4 {[%csl Ye1][%cal Ye1g1] At last decision is accepted!} Qe7 {
[%csl Rb4]} 15. b5 ({Badly:} 15. Rb1 {because of:} f4 $1 $15 {[%csl Rb4,Yd2,
Re3][%cal Yd2b4,Yd2e3]}) 15... Nd8 16. O-O Nf7 {Now the black knight is
"parked on convenient parking".} 17. Nf2 Be6 18. Bc3 {+/=/=} Nd7 19. Nd1 {
Now the white's knight begins to maneuver.} Nd6 20. Nb2 f4 21. exf4 ({After:} 
21. e4 $6 {black can without handicapes,transfer N in centre:(Rfd8,Bf7,
Nf8-e6-d4).}) 21... Rxf4 (21... exf4 $6 22. Rfe1 {[%csl Rd6,Rd7,Ge1,Re6] and
the black pieces lose a covering.}) 22. Bd2 Rf7 23. Bd3 Nf5 {[%csl Rd4][%cal
Gf5d4]} 24. Rae1 ({From my point of view,it was better:} 24. Be4 {[%csl Ra8,
Rb7]} Nf8 25. Rae1 Nd4 26. Qc3 $14 {[%csl Re5][%cal Gb2d3]}) 24... Raf8 ({
Can be recommended:} 24... Qh4 $5 25. Re4 (25. Be4 $143 Nd4 $11 {[%cal Gd7f6]})
25... Qe7 {+/=/=} (25... Qf6 $6 26. f4 $5 $36)) 25. Bc3 {[%csl Re5]} Qd6 26.
Rf2 $14 h6 27. Bxf5 {It's best decision!} ({After:} 27. Be4 Nd4 28. Bxd4 $140
cxd4 $1 (28... exd4 $2 29. Bxb7 Ne5 30. Qe2 $1 $16 {[%csl Re5,Re6]} Ng4 $140 (
30... Nxc4 $4 31. Nxc4 Bxc4 32. Qxc4 {[%csl Rg8]}) 31. Qxe6 Qxh2+ (31... Qxe6
$143 32. Rxe6 Nxf2 33. Bd5 Ng4 34. Re7 (34. fxg4 $4 Rf1#) 34... Ne3 35. Be6 g6
36. Rxa7 $18 {[%csl Gb5]}) 32. Kf1 Ne3+ (32... Nxf2 33. Kxf2 Kh8 34. Bd5 $18)
33. Ke2 Nxg2 34. Nd3 $18) 29. Bxb7 Qxa3 {black has a counterplay.}) 27... Bxf5
28. Qd2 {[%csl Gd2,Yd6,Re5][%cal Gd2d6,Yd6e5][%mdl 32]} Qe6 {It will be heavy
to protect of the black's weakness(קe5,<->d),after exchange of the queens.}
29. Qd5 $1 {White correctly show persistence.} Qxd5 30. cxd5 Nb6 $6 ({It was a
much better:} 30... c4 31. Rd2 {[%cal Gd5d6]} (31. Bxe5 $2 {is refuted by:}
Nxe5 32. Rxe5 c3 {[%csl Gc3]} 33. Na4 (33. Nc4 $2 c2 34. Rf1 Rc7 $19 {[%csl
Gc2,Rc4]}) 33... Rc8 {[%cal Gc3c2]} 34. Rf1 Rc4 {[%csl Ra4]} 35. Rc1 Rxa4 36.
Rxc3 Bd7 {-/+/-+}) 31... Rc8 $14) 31. Rxe5 Bd7 32. a4 Rf4 {[%csl Ra4][%cal
Ya4b5]} 33. d6 {+/=/+/-} ({Weakly:} 33. Re7 {because of:} R8f7 {[%csl Ra4,Rd5]}
34. Rxf7 Kxf7 35. Nd3 Rxa4 36. Nxc5 Rc4 37. Ne4 Kg6 {[%csl Rb5,Rd5]} 38. Rd2
Bxb5 $13) 33... Nxa4 34. Nxa4 Rxa4 35. Rxc5 Rf7 36. Rb2 ({Also good enough:} 
36. Rd2 $5 Ra3 37. Kf2 Rb3 38. Rb2 Rxb2+ 39. Bxb2) 36... Ra1+ 37. Kf2 Rd1 38.
Be5 $6 ({Leads to big advantage:} 38. b6 $1 axb6 (38... a6 $2 39. Rc7 {[%csl
Rb7]} Be6 (39... Bc6 $2 40. Rxc6 bxc6 41. b7) 40. Bb4 $18 {[%cal Gb2e2]}) 39.
Rxb6 Bc6 40. Be5 $16) 38... b6 39. Ke2 {White have begun to repeat moves.
Instead of it white keeps good chance for win,after:} (39. Rc7 Rd5 $140 {
[%csl Rb5]} 40. Ra2 $1 (40. f4 $2 Rxe5 41. Rxd7 Rxf4+ 42. Kg3 Rd4 43. Ra2 Rxb5
44. Raxa7 Rb3+ 45. Kf2 Rd2+ 46. Ke1 Rxg2 $11) 40... Rxb5 (40... Rxe5 $143 41.
Raxa7 Rxb5 (41... Be6 $4 42. Rxf7 Bxf7 43. d7 Rd5 44. Ra8+ Kh7 45. d8=Q Rxd8
46. Rxd8 $18) 42. Rxd7 Rxd7 43. Rxd7 Rd5 44. Ke3 Kf8 45. Ke4 Rd2 46. g3 b5 (
46... Rxh2 47. Rb7 Rd2 48. Ke5 $18) 47. Ke5 Rxh2 48. Rb7 Ke8 49. Rxg7 $18) 41.
Raxa7 Rxe5 42. Rxd7 Rxd7 43. Rxd7 Re6 {[%csl Ye6,Rf2][%cal Ye6e1,Ye6d6]} 44. f4
g6 45. g4 Kf8 {[%cal Gf8e8]} 46. Kf3 (46. f5 $2 gxf5 47. gxf5 Rf6 $11) 46...
Ke8 47. Rh7 Rxd6 48. Rxh6 $16) 39... Rg1 40. Kf2 Rd1 $6 (40... Rxg2+ $142 41.
Kxg2 bxc5 $14) 41. Ke2 $2 ({Again it was necessary:} 41. Rc7 {-see 39.Rc7})
41... Rg1 42. Kf2 1/2-1/2

[Event "Paris NAO GM 3rd"]
[Site "Paris"]
[Date "2003.12.16"]
[Round "2"]
[White "Shchekachev, Andrei"]
[Black "Bagheri, Amir"]
[Result "1-0"]
[WhiteElo "2522"]
[BlackElo "2541"]
[Annotator "Golod,V"]
[PlyCount "75"]
[EventDate "2003.12.15"]
[EventType "tourn"]
[EventRounds "9"]
[EventCountry "FRA"]
[EventCategory "9"]
[SourceTitle "CBM 099"]
[Source "ChessBase"]
[SourceDate "2004.03.30"]
[SourceVersion "1"]
[SourceVersionDate "2004.03.30"]
[SourceQuality "1"]

1. Nf3 Nf6 2. c4 e6 3. Nc3 Bb4 4. Qc2 O-O 5. a3 Bxc3 6. Qxc3 b6 7. d4 Bb7 8.
Bg5 d6 9. Nd2 Nbd7 10. f3 h6 $5 {Besides Black has two alternatives:} (10... c5
$5) ({and} 10... d5 $5 {You can see my annotations to game: Kasparov,G-Karpov,
A/Frankfurt,1999/CBM 72(1/2-1/2)(49)}) 11. Bh4 c5 $5 ({Also repeatedly were
checked up in previous games:} 11... Rc8 $5 {You can see comments to game:
Kasparov,G-Kramnik,V/Linares,1998/CBM 64(1/2-1/2)(Kostakiev,D)(52)}) (11... e5)
({and} 11... d5 $5) 12. e4 {It's main line.} ({Also deserves attention:} 12. e3
{You can see annotations to Dautov,R-Psakhis,L/Yerevan,1996/EXT 97(1/2-1/2)
(Psakhis,L)(41)}) 12... Re8 {Besides Black has two principales moves:} (12...
Rc8 $5 {and 12... cxd4!? You can see comments to CBM 65-7.Bg5 Bb7 8.Nd2/
Opening,1998/CBM 65(Lukacs)(19)}) 13. Bd3 ({Once were checked in the preceding
game:} 13. Bg3) ({On:} 13. Bf2 {you can find three game in Mega Database 2004.}
) 13... e5 $146 {Black wants immediately to define a situation in the centre.}
({The games,which have reached this position were continued as follows:} 13...
Nf8 $5 {(1 time)}) ({or} 13... cxd4 $5 {(2 times)}) (13... Nxe4 $4 {is refuted
by:} 14. Bxe4 Qxh4+ 15. g3 {[%csl Rb7,Rh4]} Qf6 16. Bxb7 cxd4 17. Qc2 Rab8 18.
Bc6 $16) 14. dxe5 {This move does not put the large problems for Black.} (14.
d5 $5 Nxe4 $1 (14... Nxd5 $2 {[%csl Rc3,Rh4]} 15. Bxd8 Nxc3 16. Bh4 $1 Na4 17.
b3 Nb2 18. Bc2 $18 {[%csl Rb2][%cal Ga1b1]}) 15. Bxd8 Nxc3 16. Bc7 e4 $1 17.
fxe4 Nxe4 (17... Ne5 $2 18. Bc2 {[%csl Rc3,Rd6]} Rac8 19. Bxd6 Nxe4 20. Nxe4 f5
(20... Nxc4 21. O-O-O Rxe4 22. Bxe4 Nxd6 23. Bf3 $16) 21. Nf6+ gxf6 22. Bxe5
Rxe5+ 23. Kd2 $16) 18. Nxe4 Nf6 {[%csl Rc7,Re4]} 19. O-O-O Nxe4 20. Bxe4 Rxe4
21. b3 Rg4 22. Bxd6 Rxg2 23. Rhe1 $44) 14... dxe5 ({It was very interestingly:
} 14... Nxe5 $5 {[%csl Gd8,Re1,Rh4][%cal Gf6e4]} 15. O-O d5 $1 16. cxd5 (16.
Bxf6 $2 d4 $1 {[%csl Rc3]} 17. Qc2 (17. Bxd8 $143 dxc3 $17 {[%csl Rd2,Rd3,Rd8]}
) 17... Qxf6 $15) 16... Nxd5 {[%csl Rc3,Rd3,Rh4]} 17. exd5 Qxh4 18. Bb5 Re7 {
[%cal Ga7a6]} 19. Rfe1 Ng6 $13) 15. O-O-O ({Leads to quieter game:} 15. O-O)
15... Nb8 {[%csl Rd4][%cal Yb8c6,Yc6d4]} (15... Nf8 $5 {[%cal Gf8g6]} 16. g4
Ng6 (16... Nd5 $6 17. exd5 Qxh4 18. Ne4 $14) 17. Bg3 {[%cal Gh2h4]} Qd4 $5 $11
{[%cal Ga8d8]}) 16. Nf1 $5 {[%cal Gf1e3]} Nc6 ({Impossibly:} 16... Nd5 $4 {
in view of:} 17. Qxe5 $1 $18 {[%csl Rd8,Ge5,Re8,Gh4]}) 17. Ne3 {[%cal Ge3g4]}
Bc8 $6 ({Again it was badly:} 17... Nxe4 $2 {because of:} 18. Qe1 {[%csl Gd1,
Rd8,Re4,Rg8]} Ng5 (18... Nf6 $2 19. Bh7+ Kxh7 20. Rxd8 Raxd8 21. Bxf6 gxf6 22.
Qh4 $18 {[%csl Rf6,Rh6][%cal Ge3g4]}) 19. Bh7+ Kxh7 20. Rxd8 Raxd8 21. Bxg5 $1
hxg5 $140 22. h4 {[%csl Rh7]} g4 23. Nxg4 Nd4 {+/=/+/-}) ({Can be recommended:
} 17... Qd6 $5 18. Nf5 Qe6 {[%csl Rd4][%cal Gc6d4]}) 18. Kb1 {A little bit
passive continuation.Probably,it was better:} (18. f4 $5 Qd6 (18... exf4 $143
19. Bxf6 Qxf6 20. Qxf6 gxf6 21. Nd5 {[%csl Ra8,Re8,Rg8][%cal Gd5c7,Gd5f6]} Re5
22. Rhf1 {[%csl Rf4,Rf6]} Rg5 23. Rd2 $16) 19. fxe5 $1 Nxe5 (19... Qxe5 $143
20. Qxe5 Rxe5 21. Bxf6 gxf6 22. Rhf1 Kg7 23. Nd5 {[%csl Rf6] +/=/+/-}) 20. Bc2
$14 {[%cal Ge3d5]}) 18... Nd4 19. Rdf1 $5 {[%csl Gf1,Rg8,Gh1][%cal Gf3f4,Gg2g4]
White have decided to leave R on point "h1", that then to use her on a <-> "h".
} ({Pretty dubiously:} 19. h3 {[%cal Ge3g4]} Qd6 $140 20. Ng4 {in view of:}
Nxg4 (20... Nh5 $5 {[%csl Rf4][%cal Gh5f4]}) 21. hxg4 f6 $15 {[%cal Gc8e6]})
19... Qd6 20. g4 a6 {[%csl Rb1][%cal Gb6b5]} ({Probably,it was necessary to
use a weakness of the White's bishop.} 20... Rd8 $5 {[%csl Rd3,Gd6,Gd8]} 21.
Nd5 Nxd5 22. cxd5 f6 $132 {[%cal Gb6b5,Gb5b4]}) 21. Rhg1 b5 22. g5 $132 Nh7 23.
Nd5 (23. gxh6 $143 Qxh6 {[%csl Re3,Rh4]} 24. Ng2 Bh3 $15) 23... hxg5 {This
move is slightly better,than:} (23... Bh3 24. Rf2 hxg5 25. Bxg5 Nxg5 (25... Qg6
$143 26. f4 $1 {[%csl Rg6][%cal Gf4f5]}) 26. Rxg5 Rab8 27. Rg3 {[%cal Gf3f4]}
Bd7 28. Qd2 $13 {[%csl Rg8][%cal Gf2g2]}) 24. Bxg5 Bb7 $6 ({After:} 24... Bh3
25. Rf2 Nxg5 26. Rxg5 {with rearrangement of moves we receive a position from
a 23...Bh3?!}) (24... Rb8 $5 25. Be3 bxc4 (25... Bd7 $143 26. f4 $1 $14) 26.
Bxc4 Nf6 27. Nxf6+ Qxf6 $13) 25. Qd2 {[%csl Gd2,Gg1,Rg8][%cal Gg5h6]} Bxd5 26.
exd5 $1 $14 ({I can not recommended in this position:} 26. cxd5 $6 {in view of:
} c4 (26... Nxg5 $143 27. Qxg5 g6 28. h4 {[%cal Gh4h5]} c4 29. Bc2 b4 30. h5
$132 {[%csl Rg8]}) 27. Bh6 g6 (27... cxd3 $4 28. Bxg7 $18 {[%csl Gg1,Rg8]}) 28.
Bc2 c3 $1 {[%cal Ga8c8]} 29. bxc3 Nxc2 30. Kxc2 Qxa3 31. Ra1 Qd6 32. Kd1 {=/=/+
}) 26... bxc4 27. Bxc4 Rab8 {<->b; קb2} 28. Ka2 $6 {It was necessary to
decide on the more active continuation:} (28. Bh6 $1 g6 (28... Nf5 $143 29.
Rxg7+ $1 Kh8 $8 (29... Nxg7 $2 30. Rg1 {[%csl Rg7,Rg8][%cal Gh6g7]}) 30. Rxh7+
Kxh7 31. Bd3 {[%csl Rf5,Rh7]} Qg6 32. Be3 $40 {[%csl Rf5,Rg6,Rh7][%cal Gf1g1]})
29. f4 (29. h4 $143 Nf6 {[%csl Yf6][%cal Yf6h5]}) 29... e4 30. f5 {[%csl Rb8,
Rd6,Rg8][%cal Gh6f4]}) 28... Rb6 $13 (28... Rb7 $5 {[%csl Rb2][%cal Ge8b8,
Yb7g7]}) 29. Qg2 Nxg5 {The game of Black corresponds to the requirements of a
position.} (29... Reb8 $143 30. Bc1 g6 31. h4 Qd7 $140 {[%csl Rc4][%cal Gd7a4]}
32. d6 $1 {[%csl Gc4,Rg8][%cal Gg2g6]} Qxd6 33. f4 exf4 34. Rxf4 $36) 30. Qxg5
Qf6 $6 (30... Qh6 $142 31. h4 Kf8 {[%cal Gb6g6] =/=/+}) 31. h4 a5 (31... Kf8 $5
) 32. Rg2 {[%cal Gf1g1] <->g} Nf5 $6 {Black obviously have lost a "string of
game".} (32... Kf8 $142) 33. Rfg1 Kf8 (33... Qxg5 $2 34. Rxg5 {[%csl Rf5,Rg7]}
Rf6 35. h5 $16 {[%csl Yf5,Gg1,Gg5,Rg7][%cal Gc4d3,Yf5g7,Gd3f5]}) 34. Qd2 $6 (
34. h5 $5 $14 {[%csl Yf5,Gg1,Gg2,Gg5,Rg7][%cal Gc4d3,Yf5g7]}) 34... Qxh4 $2 {
[%csl Rc4] The strange decision,probably connected to the tactical
miscalculation.} ({It's the most logical reaction to the previous move of
White:} 34... Reb8 $5 35. Qxa5 e4 {[%csl Rb2]} 36. Qxc5+ Kg8 $132 {[%csl Rb2,
Rf3][%cal Ge4f3]}) 35. Bd3 $1 $16 {[%csl Yf5,Rg7][%cal Gd3f5,Yf5g7]} Nh6 (35...
Nd6 $142 36. Qxa5 Reb8 37. Qxc5 Qa4 {[%csl Ra2,Rd3][%cal Ga4b3]} 38. Qc3 $16)
36. Qxa5 (36. Rxg7 $2 Qd4 $36 {[%csl Rb2,Rd2][%cal Gc5c4,Ge8b8]}) 36... Reb8
37. Qxc5+ Qe7 (37... Ke8 38. d6 Qf6 39. Re2 $18 {[%csl Re5,Re8]}) 38. Qxe7+ {
White has a absolutely winning position,but for realization of material
advantage is required the certain time.} (38. Qxe7+ Kxe7 39. b4 g6 40. Rc1 Kd6
41. Rc5 $18) 1-0